000 00316nam a22001337a 4500
008 170329b xxu||||| |||| 00| 0 eng d
020 _a9780815136965
041 _aeng
080 _a616-053.2
100 _a8
101 _ashm
245 _aHANDBOOK OF NEONATAL INTENSIVE CARE
_cMERENSTEIN, G.B
942 _2udc
_cBK
999 _c8996
_d8996